| 000 | 00874cam a2200229 4500 | ||
|---|---|---|---|
| 001 | WB3709-23 | ||
| 008 | 000000n2001 000 0 eng u | ||
| 035 | _a(Sirsi) u111216 | ||
| 245 | _aLandlords poised to lose tax concession | ||
| 260 | _c2001 | ||
| 490 |
_aFinancial Times _v24 February 2001, 20(1) |
||
| 520 | _aThe Inland Revenue has confirmed that from April 6 landlords will no longer be allowed to claim that any proportion of capital spending on their properties is a 'repair element' and therefore tax-deductible. The changes were originally announced in the 1998 budget but have not been publicised. | ||
| 590 | _aWB | ||
| 650 | _aINLAND REVENUE | ||
| 650 | _aPRIVATE RENTED SECTOR | ||
| 650 | _aRENTED PROPERTY | ||
| 650 | _aREPAIR ELEMENT | ||
| 650 | _aREPAIRS | ||
| 650 | _aTAX CONCESSIONS | ||
| 690 |
_aPROPERTY MANAGEMENT _96262 |
||
| 942 | _n0 | ||
| 999 |
_c66261 _d66261 |
||